000 00218nam a2200097Ia 4500
008 190216s9999||||xx |||||||||||||| ||und||
100 _aMenon C P
245 0 _aBhoo Bouthikam
260 _bKerala Basha Inst
942 _cBK
999 _c39075
_d39075